000 00464pab a2200169 454500
008 180718b2002 xxu||||| |||| 00| 0 eng d
100 _aMeena, T.R.
245 _aPanchayati raj and gender issues - women empowerment: Kerala experience
260 _c2002
300 _ap.67-83.
362 _aJul-Sep
650 _aWomen - India - Kerala
650 _aPanchayat - India - Kerala
650 _aPanchayat
773 _aManagement in Government
909 _a55651
999 _c55651
_d55651